000 00491nam a22001577a 4500
008 160426b xxu||||| |||| 00| 0 eng d
020 _a9789712719585
082 _22007
_aDFil 519.5
_bB61e
100 _96404
_aBlay, Basilia Ebora
245 _aElementary statistics/
_cBasilia Ebora Blay.
260 _aPasig City, Philippines:
_bAnvil Publishing Inc.,
_cc2007.
300 _ax, 196 pages:
_billustrations;
_c28 cm.
650 0 _96405
_aStatistics
365 _b545.00
_cPhp
942 _2ddc
_cDFIL
999 _c1992
_d1992